000 00781cam a22002417i 4500
001 18574444
005 20250306115301.0
008 150414s2015 flua b 001 0 eng c
020 _a9781466569102 (hbk.)
040 _cPK-LaUMT
082 0 0 _a613.2
_223
_bCLI-
245 0 0 _aClinical aspects of functional foods and nutraceuticals /
_cedited by Dilip Ghosh, Debasis Bagchi, and Tetsuya Konishi
260 _aBoca Raton :
_bCRC Press,
_c2015
300 _axxii, 452 p. :
_billustrations ;
_c26 cm
650 0 _aFunctional foods.
650 0 _aDietary supplements.
_94970
650 7 _aDietary supplements.
_94970
650 7 _aFunctional foods.
700 1 _aGhosh, Dilip K.,
_94971
700 1 _aBagchi, Debasis,
_94972
700 1 _aKonishi, Tetsuya,
_94973
942 _cBK
999 _c137064
_d137064